Krajobraz po bitwie
| Titel: | Krajobraz po bitwie |
|---|---|
| Verfasser: | |
| In: |
Śla̜ski labirynt krajoznawczy, Band 2 (1990), Seite 83-86 alle Artikel anzeigen |
| Veröffentlicht: | 1990 |
| Format: | Aufsatz |
| Sprache: | Polnisch |
X
alg: 39463636 001A $01999:12-11-16 001B $01999:01-06-17 $t17:57:37.000 001D $01999:12-11-16 001U $0utf8 001X $00 002@ $0Aox 003@ $0394636368 007A $0394636368 $aHEB 007T $0Herdww013772 010@ $apol 011@ $a1990 021A $aKrajobraz po bitwie 028A $aKościk $dElżbieta 031A $d2 $h83-86 $j1990 039B $aIn $8--Abvc--. Śla̜ski labirynt krajoznawczy. - Wrocław : Sudety, 1989-. - ISSN 0867-0013 $x199000000020000917 $9048583480 lok: 39463636 78 exp: 39463636 78 1 #EPN 201B/01 $007-12-17 $t23:40:05.000 201U/01 $0utf8 203@/01 $0790746832 208@/01 $a12-11-16 $be 209A/01 $a/ $f000 $x00 220C/01 $aTitelaufnehmer: KS 220C/01 $aAnmerkung: Osadnictwo na Śląsku po 1945 r. 244Z/01 $2Trx $#Silesia $#Śląsk $#Sliezsko $#Slezsko $8--Trx--Schlesien $x01 $9391173987 244Z/01 $#Niederschlesien $#Dolny Śląsk $#Dolní Slezsko $74042237-9 $8--Tg1--Niederschlesien $x02 $9085116734 244Z/01 $aGeschichte 1945-1947 $x03 244Z/01 $2Trx $#asundusajalugu $#kolonizacija $#history of settlements $#településtörténet $#osadnictwo $#dejiny osídlenia $#dějiny osídlení $#osídlenie $#osídlení $8--Trx--Siedlungsgeschichte $x04 $9391357131 244Z/01 $2Trx $8--Trx--Zeitschriftenaufsatz $x05 $9391384341 247C/01 $82080>Marburg/Lahn, Herder-Institut, Forschungsbibliothek, Bibliographieportal $9336309341
| LEADER | 00000caa a22000002c 4500 | ||
|---|---|---|---|
| 001 | 394636368 | ||
| 003 | DE-603 | ||
| 005 | 20170601175737.0 | ||
| 007 | tu | ||
| 008 | 161112s1990 xx |||| | u00||u|pol c | ||
| 035 | |a (DE-599)HEB394636368 | ||
| 040 | |a DE-603 |b ger |c DE-603 |d DE-603 | ||
| 041 | |a pol | ||
| 100 | 1 | |a Kościk, Elżbieta | |
| 245 | 0 | 0 | |a Krajobraz po bitwie |
| 264 | 0 | |c 1990 | |
| 773 | 0 | 8 | |i In |t Śla̜ski labirynt krajoznawczy |d Wrocław : Sudety, 1989- |x 0867-0013 |g Band 2 (1990), Seite 83-86 |w (DE-603)048583480 |w (DE-600)1077945-0 |
| 924 | 0 | |9 2080 |a (DE-603)790746832 |b DE-2080 |c HES |d d |g / | |


